01551nab a22002417a 4500999001500000003000400015005001700019008004100036040000700077100003200084245014500116260007200261300001300333500005000346505056100396505008900957650002601046650003401072650003201106653002001138773013801158942001301296 c6012d6012OSt20260116171527.0190605e xxu||||| |||| 00| 0 spa d cPJ 96466aCardoso, Nicolás E.13aEl decreto 149/2025 PEN. Implicaciones en la negociación colectiva y su compatibilidad con la doctrina de la OIT /cNicolás E. Cardoso.  aCiudad Autónoma de Buenos Aires :bThomson Reuters La Ley,c2025. ap. 76-80 aCita Online: Cita: TR LALEY AR/DOC/864/2025. aSumario: I. Introducción.— II. Los aportes solidarios en la doctrina de la OIT.— III. La doctrina de la OIT sobre la negociación colectiva libre y voluntaria.— IV. La doctrina de la OIT respecto a los principios generales de la intervención de las autoridades públicas en la negociación colectiva.— V. La doctrina de la OIT respecto a intervenciones administrativas que suspenden convenios colectivos o que imponen su renegociación.— VI. El dec. 149/2025 PEN y sus puntos de tensión con la doctrina de la OIT.— VII. Conclusiones.  t¿Te interesa el texto completo? Solicitalo al correo: koha@justierradelfuego.gov.ar 091316aDERECHO LABORAL 091570aDERECHOS DEL TRABAJADOR 0aNEGOCIACION COLECTIVA91346 aAPORTE SINDICAL0 0271193168dCiudad Autónoma de Buenos Aires : Thomson Reuters La Ley, 1999-2002.tRevista de derecho del trabajo. Nº 3 - Mayo 2025 2udccANA